Estatísticas para 5 Países Mais Pobres por Continente

Clique aqui para jogar o quiz

Estatísticas Gerais

  • Esse quiz foi jogado 5 899 vezes
  • A pontuação média é 14 de 30

Estatísticas das Respostas

ContinentePIB per CapitaPaís% Correto
América do Sul$5.040Venezuela
92%
América do Sul$8.880Bolívia
84%
América do Sul$11.200Equador
84%
América do Sul$13.700Paraguai
82%
América do Sul$13.200Peru
82%
América do Norte$2.960Haiti
65%
América do Norte$5.730Honduras
53%
América do Norte$5.520Nicarágua
52%
América do Norte$8.690Guatemala
51%
Europa$8.920Moldávia
48%
América do Norte$6.490Belize
46%
Ásia$1.550Coreia do Norte
46%
África$891Somália
46%
Europa$11.600Kosovo
45%
Europa$15.200Albânia
44%
Europa$13.300Ucrânia
43%
Oceania$3.520Ilhas Marshall
40%
Oceania$3.050E.F.Micronésia
39%
Oceania$2.360Ilhas Salomão
39%
Oceania$2.600Vanuatu
39%
Ásia$2.100Afeganistão
38%
Ásia$2.750Síria
38%
Oceania$2.220Kiribati
36%
África$1.030Sudão do Sul
36%
Europa$15.900Bósnia e Herzegovina
35%
África$771Burundi
33%
Ásia$2.100Iémen
28%
África$1.100Malawi
26%
África$1.010República Centro-Africana
26%
Ásia$3.120Timor-Leste
24%

Distribuição das Pontuações

Percentil de Números Respondidos

Porcentagem de Pessoas com Cada Pontuação

Sua Pontuação Histórica

Você não jogou esse quiz